बैडमिन्टन सीखें (Record no. 88503)

MARC details
000 -LEADER
fixed length control field 01048nam a22002417a 4500
005 - DATE AND TIME OF LATEST TRANSACTION
control field 20140910153232.0
008 - FIXED-LENGTH DATA ELEMENTS--GENERAL INFORMATION
fixed length control field 140910b xxu||||| |||| 00| 0 eng d
010 ## - LCCN (DPL NO)
LC control number HIN-103375
020 ## - INTERNATIONAL STANDARD BOOK NUMBER
International Standard Book Number 8178792419
Terms of availability 295.00
035 ## - SYSTEM CONTROL NUMBER
System control number HN-75721
037 ## - SOURCE OF ACQUISITION
Source of stock number/acquisition DBAD / PUB
040 ## - CATALOGING SOURCE
Original cataloging agency DPL
Language of cataloging HN
082 ## - DEWEY DECIMAL CLASSIFICATION NUMBER
Classification number 796.345
100 ## - MAIN ENTRY--PERSONAL NAME
Personal name उषा गोपाल
245 ## - TITLE STATEMENT
Title बैडमिन्टन सीखें
Statement of responsibility, etc उषा गोपाल
246 ## - VARYING FORM OF TITLE
Title proper/short title Badminton seekhen
Remainder of title by Usha Gopal
260 ## - PUBLICATION, DISTRIBUTION, ETC. (IMPRINT)
Place of publication, distribution, etc नई दिल्ली
Name of publisher, distributor, etc स्पोर्टस पब्लिकेशन
Date of publication, distribution, etc 2014
270 ## - ADDRESS
Address 7/26,(ग्राउड फ्लोर), अंसारी रोड, दरियागंज
City नई दिल्ली
Postal code 110002
Telephone number (ऑ)65749511,66326118 (नि)27562163(मो.)9868028838
Electronic mail address lakshaythani@hotmail.com
300 ## - PHYSICAL DESCRIPTION
Extent 124पृ.
Other physical details (सचित्र)
Dimensions 22सेमी(सजिल्द)
650 ## - SUBJECT ADDED ENTRY--TOPICAL TERM
Topical term or geographic name as entry element बैडमिन्टन
650 ## - SUBJECT ADDED ENTRY--TOPICAL TERM
Topical term or geographic name as entry element Badminton
942 ## - ADDED ENTRY ELEMENTS (KOHA)
Institution code [OBSOLETE] DPL
Item type Hindi Books
Source of classification or shelving scheme Dewey Decimal Classification
Classification part 796.345
Call number suffix उषागो
Holdings
Withdrawn status Lost status Source of classification or shelving scheme Damaged status Not for loan Collection code Home library Current library Date acquired Source of acquisition Cost, normal purchase price Total Checkouts Full call number Barcode Date last seen Copy number Cost, replacement price Koha item type
    Dewey Decimal Classification   Not For Loan Non-fiction D.B.Act.Division D.B.Act.Division 10/09/2014 DBAD/PUB 295.00   796.345 उषागो HN-75721 10/09/2014 1 295.00 Hindi Books

© Delhi Public Library
Hit Counter
free hit counter